• 首页
  • 本馆介绍
  • 公告通知
  • 最新文献
  • 馆藏检索
  • 电子资源
  • 读者导购
  • 参考咨询
  • 我的图书馆
  • 登录
  • 详细信息显示
  • 放入我的书架
  • 预约/预借图书
  • 作者相关作品
  • 分类相关作品
  • 丛书相关作品
  • 出版社相关作品

书目信息

  • 表格格式
  • 工作单格式
  • 卡片格式
题名:
现代广告文案
    
 
作者: 杨效宏 著
分册:  
出版信息: 成都   四川大学出版社  2003
页数: 333页
开本: 21cm
丛书名: 广告丛书
单 册:
中图分类: F713.8
科图分类:
主题词: 广告--写作--教材 , 广告 , 写作
电子资源:
ISBN: 7-5614-2713-1
000 00683oam2 2200253 45
001 020000005472
005 20050926170553.51
010    @a7-5614-2713-1@dCNY22.00
100    @a20040115d2003 ekmy0chiy0120 ea
101 0  @achi
102    @aCN@b510000
105    @aa z 000yy
200 1  @a现代广告文案@9xian dai guang gao wen an@f杨效宏著@Fyang xiao hong zhu
210    @a成都@c四川大学出版社@d2003
215    @a333页@c图@d21cm
225 2  @a广告丛书
461  0 @12001 @a广告丛书
606 0  @a广告@x写作@j教材
606 0  @a广告
606 0  @a写作
690    @aF713.8@v4
701  0 @a杨效宏@Ayang xiao hong@4著
801  0 @aCN@bTSSF@c20050926
905    @a10447@dF713.8@e106
    
    现代广告文案/杨效宏著.-成都:四川大学出版社,2003
    333页:图;21cm.-(广告丛书)
    
    
    ISBN 7-5614-2713-1:CNY22.00
    
●
相关链接 在E读中查询图书 在五车中查询图书 在当当中查询图书 在豆瓣中查询图书


正题名:现代广告文案     索取号:F713.8/106         预约/预借

序号 登录号 条形码 馆藏地/架位号 状态 备注
1 0363682   3636827   第一样本阅览室/ [索取号:F713.8/106] 在馆    
2 0363683   3636836   第一借阅区/ [索取号:F713.8/106] 在馆    
3 0363684   3636845   第一借阅区/ [索取号:F713.8/106] 在馆    
4 0363685   3636854   第一借阅区/ [索取号:F713.8/106] 在馆    
5 0363686   3636863   第一借阅区/ [索取号:F713.8/106] 在馆    
唐山师范学院图书馆 欢迎您!
大连网信软件有限公司© 版权所有